000 00641nam a22002177a 4500
003 OSt
005 20140310182949.0
008 130206t xxu||||| |||| 00| 0 eng d
020 _a9712340686
050 _aKPM 953.5
_b.D4 2007
100 _aDe Leon, Hector S.
245 _aThe Law on partnerships and private corporations /
_cHector S. De Leon
260 _aManila :
_bRex Book Store,
_c2007.
300 _a602 p. :
_c23 cm.
521 _aBSBA
650 _aCorporations
_vLaw and legislation
_vTaxation
_xPhilippines.
650 _a Partnerships
_vTaxation
_xPhilippines.
942 _2lcc
_cBK
_kLOC
999 _c17876
_d17876